Central Library OPAC University of Rajshahi

The Middle English poem. (Record no. 77202)

MARC details
000 -LEADER
fixed length control field 00805nam a2200241u 4500
001 - CONTROL NUMBER
control field 77202
003 - CONTROL NUMBER IDENTIFIER
rucl marc code BD-RjUL
005 - DATE AND TIME OF LATEST TRANSACTION
control field 20211209082937.0
008 - FIXED-LENGTH DATA ELEMENTS--GENERAL INFORMATION
fixed length control field 200301r19111964enkh 000 0 eng
035 ## - SYSTEM CONTROL NUMBER
System control number (BD-RjUL)
040 ## - CATALOGING SOURCE
Original cataloging agency DLC
Transcribing agency CarP
Modifying agency DLC
Language of cataloging eng
041 ## - LANGUAGE CODE
Language code of text/sound track or separate title eng
082 ## - DEWEY DECIMAL CLASSIFICATION NUMBER
Edition number 19
Classification number 821.1
Author mark and year MUM 1964
130 ## - MAIN ENTRY--UNIFORM TITLE
Uniform title Erthe upon erthe. [from old catalog]
9 (RLIN) 240243
245 04 - TITLE STATEMENT
Title The Middle English poem.
Remainder of title Erthe upon erthe, /
Statement of responsibility, etc. ed. by Hilda M.R. Murray
260 ## - PUBLICATION, DISTRIBUTION, ETC. (IMPRINT)
Place of publication, distribution, etc. London:
Name of publisher, distributor, etc. Pub. for the Early English text society by K. Paul, Trench, Trübner, & co., ltd, [etc.]
Date of publication, distribution, etc. 1911.[1964]
300 ## - PHYSICAL DESCRIPTION
Pagination xlii, 59, [1] p. ;
Size 23 cm.
650 ## - SUBJECT ADDED ENTRY--TOPICAL TERM
Topical term or geographic name as entry element English Poetry
9 (RLIN) 240244
700 1# - ADDED ENTRY--PERSONAL NAME
Personal name Murray, Hilda M. R.
906 ## - LOCAL DATA ELEMENT F, LDF (RLIN)
a 0
b cbc
c premunv
d u
e ncip
f 19
g y-gencatlg
942 ## - ADDED ENTRY ELEMENTS (KOHA)
Source of classification or shelving scheme Dewey Decimal Classification
Koha item type Books
Holdings
Lost status Source of classification or shelving scheme Damaged status Not for loan Collection code Permanent Location Current Location Shelving location Date acquired Source of acquisition Cost, normal purchase price Total Checkouts Full call number Date last seen Copy number Koha item type
  Dewey Decimal Classification   Not For Loan Non-fiction Central Library, University of Rajshahi Central Library, University of Rajshahi Reading Room 22/08/1970 Zeitlinger 0.00   821.1 MUM 1964 02/03/2020 C-1 Books